000 01197nam a22003497a 4500
003 CHAP
005 20220817042643.0
008 971013s1978 r 00010 d
010 _a51154
011 _a52126
035 _a56276
040 _cCHAP
082 _a526.8
_bW3
100 0 0 _aWalker, P. A.
_9120887
245 _aComputer programs for the nelligen geographic processing system
260 _aCamberra :
_bCommonwelth Scientific an Industrial Research Organization. Division of Land Research,
_c1978
300 _a71 p.
_b; gráfs.
490 _aTechnical memorandum
_v; 78/14
590 _aBATCH-UPD
_b10
_c20130110
_lUCH01
_h0522
590 _aBATCH-UPD
_b10
_c20130110
_lUCH01
_h2217
590 _aBATCH-UPD
_b10
_c20130410
_lUCH01
_h0201
590 _aBATCH-UPD
_b10
_c20130914
_lUCH01
_h1625
590 _aCONVERSION
_b10
_c20130109
_lUCH01
_h1328
650 1 4 _aProcesamiento automático de datos en cartografía.
_991762
650 1 4 _aSuelos
_xMapas.
_9110427
700 0 _aDavis, J. R.
700 0 _aSmith, D. J.
_9106982
830 0 _aTechnical memorandum
_v; 78/14
901 _aBK
942 _cLIBRO
949 _a526.8 W3
_bBC
_cLIBRO
_d33724000642674
_eLIBRO
_h73686
_i56276
_mD
_si
999 _c51154
_d51154